000 01117nas a2200361 4500
001 BR0304405
003 BR-BrBNA
005 20231205104035.0
007 ta
008 230509b bl.|||p| |||| 00| 00por d
040 _aBR-BrBNA
_bpor
_cBiblioteca Nacional de Agricultura
041 _a(Pt)
072 _aF50
100 1 _aRêgo, F.C. de A.
100 1 _aCecato, U.
100 1 _aCanto, M.W. do
100 1 _aMartins, E.N.
100 1 _aSantos, G.T. dos
100 1 _aCano, C.P.
100 1 _aPeternelli, M.
245 1 _aCaracterísticas morfológicas e índice de área foliar do Capim-Tanzânia (Panicum maximum Jacq, cv.Tanzânia-1)manejado em diferentes alturas, sob pastejo
650 _aCAPIM COLONIÃO
650 _aESTATURA DE PLANTA
650 _aCOMPRIMENTO
650 _aENTRENÓS
650 _aPERFILHAÇÃO
650 _aÁREA FOLIAR
650 _aPASTEJO
650 _aMERISTEMA
773 0 _tRevista Brasileira de Zootecnia (Brazil)
_xISSN 1516-3598
_g(Sep-Oct 2002), v. 31(5) p. 1931-1937
_wBR0304405
909 _a202311
_bLúcia
_c55
_dLúcia Elande
942 _2AGRIS
_n0
_cANA
999 _c176042
_d176042